| 000 | 01597nam0a2200325 4500 | ||
|---|---|---|---|
| 001 | RU\NLR\BIBL_A\011546694 | ||
| 005 | 20260406141452.0 | ||
| 010 |
_a9785227071408 _92000 |
||
| 021 |
_aRU _b2017-85536 _96103 |
||
| 035 | _a(RuMoRGB)009450607 | ||
| 035 | _a(NLR Aleph) 011546694 | ||
| 090 |
_a12223562 _c12223562 |
||
| 100 | _a20171205d2017 u y0rusy50 ca | ||
| 101 | 1 |
_arus _ceng |
|
| 102 | _aRU | ||
| 105 | _aabc z 000zy | ||
| 200 | 1 |
_aПутеводитель по Шекспиру _eанглийские пьесы _fАйзек Азимов _g[пер. с англ. Е. А. Каца] |
|
| 210 |
_aМосква _cЦентрполиграф _d2017 |
||
| 215 |
_a811 с. _cил., портр., карта _d22 |
||
| 300 | _aЗагл. и авт. ориг.: Asimov's guide to Shakespeare: the English plays / Isaac Asimov | ||
| 454 | 0 |
_12001#$aAsimov's guide to Shakespeare$ethe English plays _1700#1$aAsimov$bI.$f1920-1992$gIsaac$3RU\NLR\AUTH\7720019 _tAsimov's guide to Shakespeare _aAsimov, Isaac (1920-1992) |
|
| 604 |
_1200#1$aШекспир$bУ.$gУильям$f1564 - 1616 _12351#$aДраматургия _aШекспир, Уильям (1564 - 1616) _tДраматургия _3RU\NLR\AUTH\661393636 _92330460 |
||
| 686 |
_aШ5(4Вл)43-4Шекспир У.536,0 _2rubbk |
||
| 686 | 1 | _aШ5(4Вл)43-4Шекспир536 | |
| 700 | 1 |
_7ca _8rus _aАзимов _bА. _f1920-1992 _gАйзек _9113441 _3RU\NLR\AUTH\773445 |
|
| 702 | 1 |
_4570 _7ca _8rus _aШекспир _bУ. _f1564-1616 _gУильям _9112012 _3RU\NLR\AUTH\771995 |
|
| 942 | _cBOOK | ||
| 980 | _aNBR | ||